| 000 | 00406nam a22001577a 4500 | ||
|---|---|---|---|
| 003 | SGT | ||
| 020 | _a9788178299433 | ||
| 082 | _bKAP | ||
| 100 | _a Kapoor, Jagdeep | ||
| 245 | _aTwenty Four Brand Mantras: Finding a Place in the Minds and Hearts of Consumers | ||
| 250 | _a2ND | ||
| 260 |
_aNEW DELDI _bSAGE Publications _c2009 |
||
| 300 | _a103 | ||
| 650 | _aCOMMERCE MANAGEMENT | ||
| 942 |
_2ddc _cBK _030 |
||
| 999 |
_c13876 _d13876 |
||